Minerały - Statystyki

Ogólne statystyki
  • Ten quiz został rozwiązany 9 razy
  • Średni wynik to 7 z 49
Statystyki odpowiedzi
Hint Odpowiedź % Poprawnych
FeS2 piryt
89%
PbS (siarczek) galena
56%
CaSO4 ·2H2O gips
56%
NaCl halit
56%
CaF2 fluoryt
44%
Al2O3 korund
33%
ZnS sfaleryt
33%
Sb2S3 (siarczek) antymonit
22%
Ca5F(PO4)3 apatyt
22%
FeAsS (siarczek) arsenopiryt
22%
BaSO4 baryt
22%
HgS (siarczek) cynober
22%
FeOOH ghoetyt
22%
Cu2O kupryt
22%
MnS (siarczek) alabandyn
11%
CaSO4 anhydryt
11%
As2S3 (siarczek) aurypigment
11%
SrSO4 celestyn
11%
CuFeS2 (siarczek) chalkopiryt
11%
Fe2O3 hematyt
11%
SnO2 kasyteryt
11%
CoAsS (siarczek) kobaltyn
11%
CuS (siarczek) kowelin
11%
Fe3O4 magnetyt
11%
FeS2 (siarczek) markasyt
11%
MoS2 (siarczek) molibdenit
11%
NaNO3 nitronatryt
11%
FeS pirotyn
11%
TiO2 rutyl
11%
KCl sylwin
11%
Al3(OH)3(PO4)2 ·5H2O wavellit
11%
Al2(OH)4(SO4) ·7H2O aluminit
0%
LiAlF(PO4) amblygonit
0%
Cu2(OH)3Cl atakamit
0%
Pb5Sb4S11 (siarczek) baulangeryt
0%
Cu5FeS4 (siarczek) bornit
0%
Cu2S (siarczek) chalkozyn
0%
FeCr2O4 chromit
0%
ZnFe2O4 franklinit
0%
FeTiO2 ilmenit
0%
Na3AlF6 kryolit
0%
FeOOH limonit
0%
NiAs nikielin
0%
KNO3 nitrokalit
0%
MnO2 piroluzyt
0%
Pb5Cl(PO4)3 piromorfit
0%
(Ba, H2O)2Mn5O10 psylomelan
0%
CoAs smaltyn
0%
Cu3SbS3,25 tetraedryt
0%
Nie znaleziono quizów pasujących do podanych kryteriów
Rozkład punktacji
Procent ludzi z każdym wynikiem
Percentyl według liczby udzielonych odpowiedzi
Twoja historia wyników
Nie rozwiązałeś tego quizu